Normal view MARC view

Entry Topical Term

Number of records used in: 1

001 - CONTROL NUMBER

  • control field: 18852

003 - CONTROL NUMBER IDENTIFIER

  • control field: OSt

005 - DATE AND TIME OF LATEST TRANSACTION

  • control field: 20201023161951.0

008 - FIXED-LENGTH DATA ELEMENTS

  • fixed length control field: 201023|| aca||aabn | a|a d

040 ## - CATALOGING SOURCE

  • Original cataloging agency: OSt
  • Transcribing agency: OSt

150 ## - HEADING--TOPICAL TERM

  • Topical term or geographic name entry element: Public–Private partnerships, Positioned-Practices, Project governance, Contractual governance, Relational governance

670 ## - SOURCE DATA FOUND

  • Source citation: Work cat.: (OSt): Avial, Camilo Benitez, Hartmann, Andreas and Dewulf, Geert 18851, Contractual and relational governance as Positioned-practices in ongoing public-private partnership projects

Powered by Koha